000 00679nam a2200241Ia 4500
003 OSt
005 20221007101024.0
006 a|||||r|||| 00| 0
007 ta
008 221006b |||||||| |||| 00| 0 eng d
024 _a5,681
037 _cTextual
040 _aLCO
_cLCO
_beng
041 _2eng
_aeng
082 _aW:19, K8
100 _aSaid Abdul A. Ed.
245 0 _aTheory of International Relations
_b The Crisis of Relevance
260 _aNew
_bDelhi Prentice - Hall of India Private Limited India
_c1968
300 _a191
650 _aINTERNATIONAL RELATIONS
942 _hW:19, K8
_cTEXL
999 _c1175244
_d1175244